000 00334nam a2200133Ia 4500
008 151213s9999 xx 000 0 und d
245 _aSAS Guide to Macro Processing Version - 6
250 _a2nd
260 _aCary - ne- USA
_bSAS Institution
_c1990
300 _a3008 p.
650 _aComputer
650 _aComputer
999 _c2095
_d2095